[Event "Melbourne Masters"]
[Site "Melbourne"]
[Date "1992.??.??"]
[Round "7"]
[White "Solomon, Stephen J"]
[Black "Wohl, Aleksandar H"]
[Result "1-0"]
[WhiteElo "2445"]
[BlackElo "2280"]

1.e4 c5 2.Nf3 Nc6 3.d4 cxd4 4.Nxd4 Nf6 5.Nc3 d6 6.Bg5 Bd7 7.Qd3 Ng4 8.Bh4 Nxd4
9.h3 Nh6 10.Qxd4 e5 11.Qd5 Qxh4 12.Qxb7 Qd8 13.Nb5 Rc8 14.O-O-O Bc6 15.Qa6 Bxe4
16.Rd2 Be7 17.Nxa7 Ra8 18.Qa4+ Kf8 19.Qxe4 Rxa7 20.Kb1 Qa5 21.Qd5 g6 22.Qxa5 Rxa5
23.b4 Ra7 24.c3 Kg7 25.Kb2 Rc8 26.Bb5 Rac7 27.Ba6 Ra8 28.Bb5 e4 29.c4 d5
30.c5 d4 31.a4 e3 32.Rxd4 Bf6 33.fxe3 Nf5 34.Kb3 Bxd4 35.exd4 Nxd4+ 36.Kc4 Nc2
37.c6 Rd8 38.Rc1 Nd4 39.Kc5 Ne6+ 40.Kb6 Rb8+ 41.Ka6 Rcc8 42.Ka5 Nc7 43.Rd1 Nxb5
44.axb5 Rc7 45.Ka6 Kf6 46.Rc1 Ra8+ 47.Kb6 Rac8 48.Kc5 Ke5 49.Re1+ Kf4 50.Kd6 Kg3
51.Re7 Rxe7 52.Kxe7 f5 53.Kd7 Rg8 54.b6 Kxg2 55.c7 f4 56.b7 f3 57.c8=Q Rxc8
58.bxc8=Q f2 59.Qc2  1-0

[Event "Mlada Boleslav op"]
[Site "Mlada Boleslav"]
[Date "1992.??.??"]
[Round "8"]
[White "Hracek, Zbynek"]
[Black "Pulkkinen, Kari"]
[Result "1-0"]
[WhiteElo "2480"]
[BlackElo "2265"]

1.e4 c5 2.Nf3 d6 3.d4 cxd4 4.Nxd4 Nf6 5.Nc3 Nc6 6.Bg5 e6 7.Qd2 a6 8.O-O-O Bd7
9.f4 Be7 10.Nxc6 Bxc6 11.Bd3 h6 12.Bh4 Qc7 13.Qe3 b5 14.Kb1 Nxe4 15.Bxe4 Bxh4
16.f5 e5 17.Nd5 Bxd5 18.Bxd5 Rc8 19.Qe4 Bf6 20.h4 h5 21.g3 Ke7 22.Rhf1 Qb6
23.Rd3 Rc5 24.Rfd1 a5 25.a3 Rhc8 26.R3d2 Qc7 27.Bb3 Rd8 28.Qe2 Kf8 29.Qxh5 d5
30.g4 e4 31.g5 Be5 32.Bxd5 e3 33.f6 gxf6 34.Qh6+ Ke7 35.gxf6+ Bxf6 36.Qxe3+ Kf8
37.h5 Qe7 38.Qxe7+ Kxe7 39.Bf3 Rxd2 40.Rxd2 Bg5 41.Rd4 f5 42.c3 Ke6 43.Kc2 Bf6
44.Rd3 b4 45.Kb3 bxc3 46.bxc3 Ke5 47.c4 Kf4 48.Rd5 Rxd5 49.Bxd5 Kg4 50.Ka4 Kxh5
51.Kxa5 Kg4 52.Kb5 Kf4 53.c5 Ke5 54.Bc4  1-0

[Event "Montevideo ITT"]
[Site "Montevideo"]
[Date "1992.??.??"]
[Round "6"]
[White "Rivera, Daniel"]
[Black "Roselli Mailhe, Bernardo"]
[Result "1/2-1/2"]
[WhiteElo "2390"]
[BlackElo "2350"]

1.e4 c5 2.Nf3 Nc6 3.d4 cxd4 4.Nxd4 Nf6 5.Nc3 d6 6.Bg5 e6 7.Qd2 Be7 8.O-O-O O-O
9.Nb3 Qb6 10.f3 a6 11.h4 Qc7 12.h5 b5 13.h6 g6 14.Bxf6 Bxf6 15.Qxd6 Bg5+
16.Kb1 Qxd6 17.Rxd6 Ne5 18.a4 Be7 19.Rd1 b4 20.Ne2 Ra7 21.Nec1 Bd7 22.a5 Rc8
23.Nd3 Nxd3 24.Bxd3 Ba4 25.Nd2 Rc5 26.Nc4 Rac7  1/2-1/2

[Event "URU-ch"]
[Site "Montevideo"]
[Date "1992.??.??"]
[Round "12"]
[White "Escofet, Jaime"]
[Black "Roselli Mailhe, Bernardo"]
[Result "1/2-1/2"]
[WhiteElo "2225"]
[BlackElo "2350"]

1.e4 c5 2.Nf3 Nc6 3.d4 cxd4 4.Nxd4 Nf6 5.Nc3 d6 6.Bg5 e6 7.Bb5 Bd7 8.Bxc6 bxc6
9.Qf3 Be7 10.e5 Nd5 11.Bxe7 Qxe7 12.exd6 Qxd6 13.O-O-O O-O 14.Ne4 Qe7 15.Nb3 e5
16.c4 Nb6 17.Nd6 Qh4 18.g3 Bg4 19.Qe3 Qf6 20.Rd2 Rfd8 21.Qc5 Nd7 22.Qe3 Nb6
23.Qc5 Nd7 24.Qe3  1/2-1/2

[Event "Alekhine op"]
[Site "Moscow"]
[Date "1992.??.??"]
[Round "?"]
[White "Tseshkovsky, Vitaly"]
[Black "Aseev, Konstantin N"]
[Result "0-1"]
[WhiteElo "2510"]
[BlackElo "2550"]

1.e4 c5 2.Nf3 d6 3.d4 cxd4 4.Nxd4 Nf6 5.Nc3 Nc6 6.Bg5 e6 7.Qd2 Be7 8.O-O-O O-O
9.Nb3 a6 10.f4 b5 11.Bxf6 gxf6 12.h4 Kh8 13.g4 b4 14.Ne2 a5 15.Kb1 Qb6 16.Rh3 a4
17.Nbd4 Na5 18.Nc1 Bb7 19.Re3 d5 20.exd5 Bxd5 21.Qe1 Bc5 22.Red3 Bc4 23.R3d2 Rad8
24.Nf3 Bd5 25.Rxd5 Rxd5 26.Bd3 Be3 27.h5 b3 28.axb3 axb3 29.c4 Nxc4 30.Qc3 Ne5
31.fxe5 Bxc1 32.Qxc1 Qa5 33.Qh6 Qa2+ 34.Kc1 Qa1+ 35.Kd2 Rxd3+ 36.Kxd3 Qxd1+
37.Ke3 Qc1+ 38.Nd2 Qc5+ 39.Kf3 Qd5+ 40.Kf2 Qd4+ 41.Kf3 Rd8 42.Qxf6+ Kg8 43.Qg5+ Kf8
44.Qh6+ Ke8 45.Ne4 Qxe5 46.Qe3 Rd4 47.h6 Qd5 48.Qf4 Rb4  0-1

[Event "Alekhine op"]
[Site "Moscow"]
[Date "1992.??.??"]
[Round "?"]
[White "Kholmov, Ratmir D"]
[Black "Serper, Grigory"]
[Result "1/2-1/2"]
[WhiteElo "2485"]
[BlackElo "2575"]

1.e4 c5 2.Nf3 d6 3.d4 cxd4 4.Nxd4 Nf6 5.Nc3 Nc6 6.Bg5 e6 7.Qd2 a6 8.O-O-O h6
9.Bf4 Bd7 10.Nxc6 Bxc6 11.f3 d5 12.Qe1 Bb4 13.a3 Ba5 14.Bd2 b5 15.e5 Nd7
16.h4 Qc7 17.f4 O-O 18.Ne2 Bxd2+ 19.Qxd2 a5 20.Nd4 Qb6 21.b3 b4 22.a4 Nc5
23.Bd3 Rfc8 24.Rh3 Bxa4 25.bxa4 Nxa4 26.Re1 Nc3 27.Qe3 a4 28.Nf5 Qxe3+ 29.Nxe3 b3
30.cxb3 Ne4+ 31.Kb2 Nf2 32.Nc2 axb3 33.Nb4 Nxh3 34.gxh3 Rc7 35.Na6 Rc6 36.Ra1 Rb6
37.h5 Kf8 38.Ra3 Ke7 39.Ra5 Ra7 40.Ra1 Ra8 41.Ra3 f6 42.Nb4 Rxa3 43.Kxa3 b2
44.Bb1 Rb7 45.Nd3 Rb8 46.Nxb2 fxe5 47.fxe5 Rf8 48.Bg6 Rf3+ 49.Nd3 Rxh3 50.Kb4 Rg3  1/2-1/2

[Event "Alekhine op"]
[Site "Moscow"]
[Date "1992.??.??"]
[Round "?"]
[White "Dolmatov, Sergey"]
[Black "Aseev, Konstantin N"]
[Result "0-1"]
[WhiteElo "2610"]
[BlackElo "2550"]

1.e4 c5 2.Nf3 d6 3.d4 cxd4 4.Nxd4 Nf6 5.Nc3 Nc6 6.Bg5 e6 7.Qd2 a6 8.O-O-O Bd7
9.f4 h6 10.Bh4 Be7 11.Nf3 Rc8 12.Kb1 Nb8 13.Bd3 Bc6 14.f5 exf5 15.exf5 O-O
16.Nd4 Re8 17.Nxc6 Nxc6 18.Bxf6 Bxf6 19.Nd5 Bg5 20.Qf2 Re5 21.c4 Ne7 22.Nc3 b5
23.h4 Bf6 24.g4 bxc4 25.Be4 Rb8 26.g5 Rxf5 27.Qe3 hxg5 28.hxg5 Rxg5 29.Rh2 Qb6
30.Qh3 g6 31.Qf3 Be5 32.Rf1 f5 33.Nd5 Nxd5 34.Bxd5+ Kg7 35.Bxc4 Rg3 36.Qe2 a5
37.Bb3 Re3 38.Qc2 Re4 39.Rg2 a4 40.Bxa4 Qxb2+ 41.Qxb2 Bxb2 42.Bb3 Bd4 43.Kc2 Kf6
44.Rf3 Be5 45.a4 Re8 46.Kd2 Rb4 47.a5 Ra8 48.Bc2 Rxa5 49.Rh3 Ra2 50.Rh6 Bf4+
51.Kc3 Bxh6 52.Kxb4 Ra8 53.Kc4 Bf4 54.Kd5 Be5 55.Kc6 Rc8+ 56.Kd7 Rc3 57.Ba4 f4
58.Bc6 g5 59.Be4 f3 60.Rf2 g4 61.Bd5 Kg5 62.Ke6 Kf4 63.Rf1  0-1

[Event "Moscow3"]
[Site "Moscow"]
[Date "1992.??.??"]
[Round "?"]
[White "Tseshkovsky, Vitaly"]
[Black "Polovodin, Igor A"]
[Result "1-0"]
[WhiteElo "2490"]
[BlackElo "2460"]

1.e4 c5 2.Nf3 Nc6 3.d4 cxd4 4.Nxd4 Nf6 5.Nc3 d6 6.Bg5 g6 7.Bxf6 exf6 8.Qd2 a6
9.O-O-O Ne5 10.Kb1 h5 11.f4 Bh6 12.h3 h4 13.Nd5 Nd7 14.Qb4 Nc5 15.e5 fxe5
16.fxe5 O-O 17.Nf6+ Kg7 18.Nf3 Qe7 19.Qxh4 Rd8  1-0

[Event "Moscow ZSKS"]
[Site "Moscow"]
[Date "1992.??.??"]
[Round "?"]
[White "Varavin, Viktor"]
[Black "Kiselev, Sergey"]
[Result "0-1"]
[WhiteElo "2465"]
[BlackElo "2540"]

1.e4 c5 2.Nf3 Nc6 3.d4 cxd4 4.Nxd4 Nf6 5.Nc3 d6 6.Bg5 e6 7.Qd2 a6 8.O-O-O h6
9.Be3 Be7 10.f4 Nxd4 11.Bxd4 b5 12.Bxf6 Bxf6 13.Qxd6 Qxd6 14.Rxd6 Bb7 15.a4 Bxc3
16.bxc3 Bxe4 17.Rd4 Bc6 18.a5 Ke7 19.h4 g5 20.hxg5 hxg5 21.Rxh8 Rxh8 22.fxg5 Rh1
23.Rd1 Rh5 24.g6 fxg6 25.g3 Rg5 26.Rd3 Rg4 27.Re3 Ra4 28.Bd3 g5 29.Re5 Kf6
30.Rc5 Bd5 31.Be2 Ke5 32.Kd2 Rxa5 33.Rc7 Ra4 34.Rg7 Kf6 35.Ra7 Be4 36.Bd3 Bf3
37.Ke3 g4 38.Rd7 Ke5 39.Ra7 Kd5 40.Rc7 Kd6 41.Ra7 Kd5 42.Rc7 e5 43.Bg6 Ra1
44.Rd7+ Kc5 45.Rc7+ Kb6 46.Re7 Re1+ 47.Kd3 e4+ 48.Kd4 Rd1+ 49.Ke3 a5 50.Be8 a4
51.Re5 a3 52.Rxb5+ Kc7 53.Ra5 Re1+ 54.Kf4 e3 55.Rxa3 e2 56.Bb5 Rc1 57.Bxe2 Bxe2
58.Ra2 Kc6 59.Ke3 Bf3 60.Kf4 Kc5  0-1

[Event "Munich op9192"]
[Site "Munich"]
[Date "1992.??.??"]
[Round "4"]
[White "Tischbierek, Raj"]
[Black "Ulibin, Mikhail"]
[Result "1/2-1/2"]
[WhiteElo "2480"]
[BlackElo "2565"]

1.e4 c5 2.Nf3 Nc6 3.d4 cxd4 4.Nxd4 Nf6 5.Nc3 d6 6.Bg5 e6 7.Qd2 a6 8.O-O-O h6
9.Bf4 Bd7 10.Nxc6 Bxc6 11.f3 d5 12.Qe1 Bb4 13.a3 Ba5 14.Bd2 Qe7 15.e5 Nd7
16.Kb1 Bc7 17.f4 f6 18.exf6 Nxf6 19.Bd3 O-O-O 20.Ne2 Ne4 21.Nd4 Qf6 22.Be3 e5
23.fxe5 Bxe5 24.Rf1 Qg6 25.Nf5 Qe6 26.Qb4 Rhe8 27.Bd4 Bxd4 28.Nxd4 Qd6 29.Nxc6 Qxc6
30.Rf7 g5 31.Rdf1 Kb8 32.Rh7 Rh8 33.Rhf7 Rhe8 34.Ka1 Ka8 35.Rh7 Rd7 36.Rff7 Rxf7
37.Rxf7 Nc5 38.Bf5 Rd8 39.Qd4 Qb5 40.g4 Qf1+ 41.Ka2 Qc4+ 42.Qxc4 dxc4 43.Rf6 Rh8
44.Rg6 Kb8 45.h3 Kc7 46.b3 cxb3+ 47.cxb3 Re8 48.Rxh6 Re2+ 49.Kb1 Nxb3 50.h4  1/2-1/2

[Event "Munich op9192"]
[Site "Munich"]
[Date "1992.??.??"]
[Round "5"]
[White "Palac, Mladen"]
[Black "Greenfeld, Alon"]
[Result "1-0"]
[WhiteElo "2495"]
[BlackElo "2515"]

1.e4 c5 2.Nf3 d6 3.d4 cxd4 4.Nxd4 Nf6 5.Nc3 Nc6 6.Bg5 e6 7.Qd2 a6 8.O-O-O h6
9.Be3 Be7 10.f4 Bd7 11.Be2 Rc8 12.Nb3 b5 13.Bf3 Na5 14.e5 Nc4 15.Qe1 dxe5
16.fxe5 Nxe3 17.Qxe3 Ng4 18.Qe2 Ne3 19.Rd3 b4 20.Kb1 bxc3 21.Qxe3 cxb2 22.Bb7 Rc7
23.Bxa6 Qb8 24.Rhd1 Bc6 25.Nd4 Ba4 26.Ra3 Bd7 27.Rb3 Qa8 28.Nb5 Rc5 29.Qxc5 Bxc5
30.Nc7+ Ke7 31.Nxa8 Rxa8 32.Rb7 Rxa6 33.Rbxd7+  1-0

[Event "Munich op9192"]
[Site "Munich"]
[Date "1992.??.??"]
[Round "6"]
[White "Lau, Ralf"]
[Black "Kovalev, Andrei"]
[Result "1/2-1/2"]
[WhiteElo "2500"]
[BlackElo "2550"]

1.e4 c5 2.Nf3 d6 3.d4 cxd4 4.Nxd4 Nf6 5.Nc3 Nc6 6.Bg5 Bd7 7.Qd2 Rc8 8.O-O-O Nxd4
9.Qxd4 Qa5 10.Bd2 a6 11.f3 g6 12.Kb1 Bg7 13.Nd5 Qa4 14.Qxa4 Bxa4 15.b3 Nxd5
16.exd5 Bd7 17.Bd3  1/2-1/2

[Event "Munich op9192"]
[Site "Munich"]
[Date "1992.??.??"]
[Round "7"]
[White "Leko, Peter"]
[Black "Titz, Heimo"]
[Result "0-1"]
[WhiteElo "2385"]
[BlackElo "2290"]

1.e4 c5 2.Nf3 Nc6 3.d4 cxd4 4.Nxd4 Nf6 5.Nc3 d6 6.Bg5 Bd7 7.Qd2 Rc8 8.O-O-O Nxd4
9.Qxd4 Qa5 10.h4 a6 11.f3 Qc5 12.Qd2 e6 13.g4 Bc6 14.Be3 Qa5 15.Kb1 b5 16.g5 Nd7
17.h5 b4 18.Ne2 Ne5 19.Bg2 Nc4 20.Qc1 Ba4 21.Nd4 Qc5 22.Bg1 Qc7 23.Bf1 Bd7
24.Rh2 a5 25.c3 e5 26.Nf5 Qb8 27.Bxc4 Rxc4 28.Ne3 Rc8 29.c4 Be7 30.Nd5 Bd8
31.g6 hxg6 32.hxg6 Rxh2 33.gxf7+ Kxf7 34.Bxh2 Be6 35.f4 Bf6 36.Rf1 Bxd5 37.exd5 e4
38.Re1 Re8 39.Bg1 a4 40.Be3 a3 41.b3 Bc3 42.Bd2 Bxd2 43.Qxd2 Qb6 44.Re3 Rh8
45.Rxe4 Qg1+ 46.Re1 Rh2 47.Qe3 Rb2+ 48.Ka1 Qxe3 49.Rxe3 Rf2 50.Kb1 Rxf4 51.Re2 g5
52.Kc2 Rf3 53.Kd2 Rh3 54.Rf2+ Kg6 55.Ke2 g4 56.Kf1 Rc3 57.Kg2 g3 58.Re2 Kf5
59.Kh3 Kf4 60.Rg2 Re3 61.Rg1 Re2 62.Rg2 Rb2 63.c5 dxc5 64.d6 Rb1 65.Rxg3 Rh1+
66.Kg2 Rd1 67.Rf3+ Ke4 68.Rf2 Rxd6 69.Rc2 Kd5 70.Kf2 Re6 71.Rd2+ Kc6 72.Rc2 Kb5
73.Kf3 Re5 74.Kf2 Kc6 75.Kf3 Kd6 76.Rd2+ Kc6 77.Rc2 Kb5 78.Kf2 Re4 79.Kf3 Re1
80.Kf2 Ra1 81.Ke3 c4 82.bxc4+ Kc5 83.Kd2 Rb1 84.Kd3 Rd1+ 85.Ke2 Rd8 86.Ke3 Rh8
87.Kd3 Rd8+ 88.Ke3 b3 89.axb3 Kb4  0-1

[Event "Munich op9192"]
[Site "Munich"]
[Date "1992.??.??"]
[Round "8"]
[White "Lau, Ralf"]
[Black "Aseev, Konstantin N"]
[Result "1-0"]
[WhiteElo "2500"]
[BlackElo "2525"]

1.e4 c5 2.Nf3 d6 3.d4 cxd4 4.Nxd4 Nf6 5.Nc3 Nc6 6.Bg5 e6 7.Qd2 Be7 8.O-O-O O-O
9.Nb3 a6 10.Bxf6 gxf6 11.Qh6 Kh8 12.Qh5 Qe8 13.f4 Rg8 14.Bd3 Rg7 15.g4 b5
16.h4 b4 17.Ne2 e5 18.f5 a5 19.Kb1 Nb8 20.g5 Nd7 21.Rdg1 Bb7 22.Qf3 Qd8 23.Ng3 fxg5
24.hxg5 Rxg5 25.f6 Nxf6 26.Nf5 Rg6 27.Nd2 Bf8 28.Nc4 Rc8 29.Nce3 a4 30.Qh3 Bg7
31.Ng4 Kg8 32.Nxf6+ Qxf6 33.Qxh7+ Kf8 34.Rf1 Rc7 35.Nh4 Rh6 36.Rxf6 Rxh7
37.Rxd6 Rc8 38.Ng6+ fxg6 39.Rxh7 Rc7 40.Rxg6 Rf7 41.Rg1 a3  1-0

[Event "NED-chT"]
[Site "NED"]
[Date "1992.??.??"]
[Round "?"]
[White "Timmerman, Gert J"]
[Black "Peek, Marcel"]
[Result "1/2-1/2"]
[WhiteElo "2350"]
[BlackElo "2340"]

1.e4 c5 2.Nf3 d6 3.d4 cxd4 4.Nxd4 Nf6 5.Nc3 Nc6 6.Bg5 e6 7.Qd3 a6 8.Be2 Bd7
9.Rd1 Be7 10.O-O Qa5 11.Qg3 Nh5 12.Bxh5 Qxg5 13.Qxg5 Bxg5 14.Nxc6 Bxc6 15.Rxd6 Ke7
16.Rd3 Bf6 17.Rfd1 Rhd8 18.Rxd8 Rxd8 19.Rxd8 Kxd8 20.Bxf7 Ke7 21.Bh5 Bxc3
22.bxc3 Bxe4 23.Bd1 Kd6 24.f3 Bd5 25.a3 Kc5 26.Be2 Kb6 27.c4 Bc6 28.Bd3 h6
29.c3 Ka5 30.Bc2 Ba4 31.Be4 Bc6 32.Bc2 Ba4  1/2-1/2

[Event "Nettetal"]
[Site "Nettetal"]
[Date "1992.??.??"]
[Round "5"]
[White "Leko, Peter"]
[Black "Lanka, Zigurds"]
[Result "1/2-1/2"]
[WhiteElo "2385"]
[BlackElo "2490"]

1.e4 c5 2.Nf3 Nc6 3.d4 cxd4 4.Nxd4 Nf6 5.Nc3 d6 6.Bg5 e6 7.Qd2 a6 8.O-O-O h6
9.Bf4 Bd7 10.Nxc6 Bxc6 11.f3 d5 12.Qe1 Bb4 13.a3 Ba5 14.Bd2 b5 15.Kb1 Bc7
16.exd5 Nxd5 17.Nxd5 Bxd5 18.Bb4 Qg5 19.Bd3 O-O-O 20.Ba5 Rd7 21.a4 Bc6 22.Bxc7 Rxc7
23.axb5 axb5 24.Be4 Qc5 25.Bxc6 Qxc6 26.Qe2 Kb7 27.Rd4 Ra8 28.Rb4 Kc8 29.c3 Ra5
30.Rd1 Qc5 31.Qd3 Kb7 32.Qe4+ Qc6 33.Qd4 f6 34.c4 Ka8 35.Qd8+ Ka7 36.Qd4+ Ka8
37.Qd8+ Ka7 38.Qd4+  1/2-1/2

[Event "Nettetal"]
[Site "Nettetal"]
[Date "1992.??.??"]
[Round "7"]
[White "Luecke, Norbert"]
[Black "Lanka, Zigurds"]
[Result "0-1"]
[WhiteElo "2395"]
[BlackElo "2490"]

1.e4 c5 2.Nf3 Nc6 3.d4 cxd4 4.Nxd4 Nf6 5.Nc3 d6 6.Bg5 Bd7 7.Qd2 Nxd4 8.Qxd4 h6
9.Bxf6 gxf6 10.Nd5 h5 11.O-O-O Rh6 12.Kb1 e6 13.Ne3 b5 14.Be2 a6 15.h4 Be7
16.g4 Rh8 17.gxh5 Qc7 18.Rhg1 Qc5 19.h6 Qxd4 20.Rxd4 Bc6 21.a4 Kf8 22.axb5 axb5
23.Ng4 Rb8 24.Rgd1 Bxe4 25.Rxe4 f5 26.Ne5 dxe5 27.Rxe5 b4 28.h5 Rb7 29.Ra5 Rxh6
30.Bf3 Rc7 31.Rb5 Kg7 32.Rg1+ Kf6 33.Rg8 Rc4 34.Rb7 Rf4 35.Rg3 Bc5 36.Bc6 Rxh5
37.Rd3 Rxf2 38.Be8 Rh1+ 39.Ka2 Rxc2 40.Rxf7+ Ke5 41.Ba4 Re2 42.Bd1 Rf2  0-1

[Event "Enhance MCC"]
[Site "New York"]
[Date "1992.??.??"]
[Round "6"]
[White "Zamora, Jorge"]
[Black "Vulicevic, Nenad"]
[Result "0-1"]
[WhiteElo "2350"]
[BlackElo "2320"]

1.e4 c5 2.Nf3 d6 3.d4 cxd4 4.Nxd4 Nf6 5.Nc3 Nc6 6.Bg5 e6 7.Qd2 Be7 8.O-O-O O-O
9.Nb3 Qb6 10.f4 Rd8 11.Qe1 a6 12.Be2 h6 13.Bh4 Qe3+ 14.Kb1 Nxe4 15.Nxe4 Qxe4
16.Bxe7 Nxe7 17.Qh4 Re8 18.Bd3 Qa4 19.Rhe1 Bd7 20.Re4 Qc6 21.g4 Ng6 22.Qh5 d5
23.Rb4 Qd6 24.a3 Nxf4 25.Rxf4 Qxf4 26.Rf1 g6 27.Qh3 Qg5 28.Qf3 Rf8 29.Qg3 e5
30.h4 Qxg4 31.Qxe5 Rae8 32.Qxd5 Bc6 33.Qd6 Re6 34.Qc7 Qxh4  0-1

[Event "NOR-ch"]
[Site "?"]
[Date "1992.??.??"]
[Round "8"]
[White "Moen, Ole Christian"]
[Black "Groenn, Atle"]
[Result "1-0"]
[WhiteElo "2255"]
[BlackElo "2310"]

1.e4 c5 2.Nf3 Nc6 3.d4 cxd4 4.Nxd4 Nf6 5.Nc3 d6 6.Bg5 e6 7.Qd2 a6 8.O-O-O h6
9.Bh4 Nxe4 10.Qf4 Ng5 11.Nxc6 bxc6 12.Qa4 Qb6 13.f4 Nh7 14.Bf2 Qc7 15.g4 Be7
16.h4 Bd7 17.Bg2 d5 18.Qd4 c5 19.Qd2 Bc6 20.g5 h5 21.f5 d4 22.Bg3 Qb7 23.Bxc6+ Qxc6
24.fxe6 fxe6 25.Qe2 g6 26.Ne4 O-O 27.Nd6 Qd7 28.Nc4 Rad8 29.Rhe1 Nxg5 30.hxg5 Bxg5+
31.Kb1 Rf6 32.Be5 Rf5 33.Nd6 Be3 34.Nxf5 exf5 35.Qc4+ Qf7 36.Qxf7+ Kxf7 37.Rxe3 dxe3
38.Rxd8 e2 39.Bc3 f4 40.Kc1  1-0

[Event "Norresundby op"]
[Site "Norresundby"]
[Date "1992.??.??"]
[Round "3"]
[White "Tolnai, Tibor"]
[Black "Ruban, Vadim"]
[Result "0-1"]
[WhiteElo "2490"]
[BlackElo "2580"]

1.e4 c5 2.Nf3 d6 3.d4 cxd4 4.Nxd4 Nf6 5.Nc3 Nc6 6.Bg5 e6 7.Qd3 a6 8.O-O-O h6
9.Bh4 g5 10.Bg3 Ne5 11.Qe2 Bd7 12.h4 Rg8 13.hxg5 hxg5 14.Nf3 Qc7 15.Nxe5 dxe5
16.Qf3 Rg6 17.Bd3 O-O-O 18.Kb1 Bc5 19.Ka1 Bc6 20.Nb1 Rf8 21.Nd2 Nd7 22.Qe2 f5
23.exf5 exf5 24.Nc4 Re6 25.f3 b5 26.Nd2 Qb6 27.Nb3 Be3 28.c4 e4 29.fxe4 f4
30.Qg4 Rfe8 31.cxb5 Ne5 32.Qe2 axb5 33.Be1 Nxd3 34.Qxd3 Bxe4 35.Qd7+ Kb8
36.Bb4 Qb7 37.Bd6+ Ka8 38.Bc7 Qc6 39.Qg7 R6e7 40.Rd8+ Kb7 41.Qxg5 Kxc7 42.Nd4 Bxd4
43.Rxd4 Rf7 44.Rhd1 Bxg2 45.Rxf4 Rxf4 46.Qxf4+ Kb7 47.a3 Bd5 48.Rc1 Re4 49.Qg5 Qe6
50.Rd1 Re5 51.Qd8 Bc6 52.Qa5 Qc4 53.Rg1 Bd5  0-1

[Event "Norresundby op"]
[Site "Norresundby"]
[Date "1992.??.??"]
[Round "6"]
[White "Zezulkin, Jurij"]
[Black "Groszpeter, Attila"]
[Result "0-1"]
[WhiteElo "2440"]
[BlackElo "2495"]

1.e4 c5 2.Nf3 d6 3.d4 cxd4 4.Nxd4 Nf6 5.Nc3 Nc6 6.Bg5 Bd7 7.Qd2 Rc8 8.f4 Nxd4
9.Qxd4 Qa5 10.e5 dxe5 11.fxe5 e6 12.O-O-O Bc6 13.Bb5 Nd5 14.Nxd5 Bxb5 15.Qxa7 Bb4
16.Qxa5 Bxa5 17.Ne3 Rc5 18.Bf4 O-O 19.a3 Bc7 20.b4 Bxe5 21.Bxe5 Rxe5 22.Rhe1 f5
23.c4 Ba4 24.Nc2 Rxe1 25.Rxe1 Rc8 26.c5 b6 27.Rxe6 bxc5 28.bxc5 Rxc5 29.Re2 Kf7
30.Kb2 g5 31.Nd4 h6 32.g3 Bd7 33.Kb3 Kf6 34.Kb4 Rc1 35.a4 Rb1+ 36.Kc5 Ra1
37.Nb5 Rxa4 38.Nc3 Ra3 39.Nd5+ Kg6 40.Re7 Bc8 41.Kd6 Ra6+ 42.Ke5 Ra2 43.Kd6 Rd2
44.h4 f4 45.gxf4 gxh4 46.Rc7 Bg4 47.Ke5 Rb2 48.Kd4 h3 49.Rc6+ Kg7 50.Rc7+ Kf8
51.Ne3 h2 52.Rc1 Bf3 53.Rc8+ Kf7 54.Rc7+ Ke8 55.Rc8+ Kd7 56.Rc1 h1=Q 57.Rxh1 Bxh1  0-1

[Event "Norresundby op"]
[Site "Norresundby"]
[Date "1992.??.??"]
[Round "7"]
[White "Tolnai, Tibor"]
[Black "Videki, Sandor"]
[Result "1/2-1/2"]
[WhiteElo "2490"]
[BlackElo "2305"]

1.e4 c5 2.Nf3 d6 3.d4 cxd4 4.Nxd4 Nf6 5.Nc3 Nc6 6.Bg5 Bd7 7.Qd2 Rc8 8.O-O-O Nxd4
9.Qxd4 Qa5 10.Bd2 a6 11.f3 g6 12.Kb1 Bg7 13.Nd5 Qc5 14.Qxc5 Rxc5 15.Be3 Rc6
16.Bg5 Nxd5 17.exd5 Rc5 18.Be3 Rc7 19.Bb6 Rc8 20.Bd3 Bf5 21.Rhe1 Kd7 22.c3 h5
23.Kc2 h4 24.a4 Rh5 25.Re2 Be5 26.h3 Bf6 27.Kb3 Bxd3 28.Rxd3 Re5 29.Rdd2 e6
30.dxe6+ fxe6 31.Rxe5 Bxe5 32.Re2 Bf4 33.Bf2 g5 34.Re4 Rf8 35.Kc2 Rf5 36.c4 d5
37.cxd5 Rxd5 38.Be1 b5 39.Bc3 e5 40.axb5 axb5 41.Re1 Kc6 42.Ra1 Kb7 43.Kb3 Kb6
44.Kc2 Kb7 45.Re1 Bg3 46.Re2 Kc6 47.Be1 Bxe1 48.Rxe1 Kd6 49.Ra1 Ke6 50.Ra8 Kf5
51.Rf8+ Ke6 52.Re8+ Kf5 53.Rf8+ Ke6  1/2-1/2

[Event "Nova Gorica (Women)"]
[Site "Nova Gorica"]
[Date "1992.??.??"]
[Round "?"]
[White "Grinfeld, Alla B"]
[Black "Nutu Gajic, Dana"]
[Result "1/2-1/2"]
[WhiteElo "2230"]
[BlackElo "2350"]

1.e4 c5 2.Nf3 d6 3.d4 Nf6 4.Nc3 cxd4 5.Nxd4 Nc6 6.Bg5 e6 7.Qd2 a6 8.O-O-O Bd7
9.f3 b5 10.Nxc6 Bxc6 11.Kb1 Qa5 12.Nd5 Qxd2 13.Nxf6+ gxf6 14.Bxd2 Rg8 15.Bc3 Be7
16.Rd2 d5 17.exd5 Bxd5 18.Bd3 h5 19.Re1 O-O-O 20.b3 Rd7 21.Ree2 Bc6 22.Bh7 Rxd2
23.Bxd2 Rd8 24.Bd3 Bd6 25.h3 f5 26.a4 Kb7 27.axb5 axb5 28.Bc3  1/2-1/2

[Event "Nova Gorica (Women)"]
[Site "Nova Gorica"]
[Date "1992.??.??"]
[Round "?"]
[White "Grinfeld, Alla B"]
[Black "Grosar, Kiti"]
[Result "1-0"]
[WhiteElo "2230"]
[BlackElo "2125"]

1.e4 c5 2.Nf3 d6 3.d4 cxd4 4.Nxd4 Nf6 5.Nc3 Nc6 6.Bg5 e6 7.Qd2 a6 8.O-O-O Bd7
9.f4 b5 10.Bxf6 gxf6 11.Kb1 Qb6 12.Nf3 b4 13.Ne2 Ra7 14.Nc1 Rc7 15.Bd3 e5
16.f5 h5 17.Qe1 Ke7 18.Nd2 Na5 19.Ncb3 Nxb3 20.cxb3 Bb5 21.Nc4 Bxc4 22.Bxc4 a5
23.Qe2 a4 24.Rd3 axb3 25.axb3 h4 26.Rhd1 Ke8 27.Rh3 Rh6 28.Qe1 Ke7 29.Rxh4 Rxh4
30.Qxh4 Qe3 31.Qe1 Qxe1 32.Rxe1 Bh6 33.Kc2 Ra7 34.Kb1 Rc7 35.Rd1 Be3 36.Rd3 Bf4
37.Rh3 Rc8 38.Rh7 Rf8 39.Kc2 Kd7 40.g3 Be3 41.Bxf7 Bf2 42.Bd5+ Kd8 43.Be6 Ke8
44.Kd3 Bc5 45.h4 Kd8 46.g4  1-0

[Event "Novi Sad"]
[Site "Novi Sad"]
[Date "1992.??.??"]
[Round "8"]
[White "Nevostrujev, Vladimir"]
[Black "Kozul, Zdenko"]
[Result "0-1"]
[WhiteElo "2385"]
[BlackElo "2545"]

1.e4 c5 2.Nf3 d6 3.d4 cxd4 4.Nxd4 Nf6 5.Nc3 Nc6 6.Bg5 e6 7.Qd2 a6 8.O-O-O Bd7
9.f4 b5 10.Nxc6 Bxc6 11.Bd3 h6 12.Bxf6 Qxf6 13.e5 Qd8 14.exd6 Qxd6 15.f5 Be7
16.Qf2 O-O 17.Bxb5 Qc7 18.Bxc6 Qxc6 19.Qf3 Qc8 20.Rd3 Rb8 21.Rhd1 Bf6 22.fxe6 fxe6
23.Qe4 Kh8 24.g3 Qc5 25.Na4 Qd5 26.Rb3 Bg5+ 27.Kb1 Qd2 28.Qh1 Qf2 29.Rxb8 Rxb8
30.h4 Bf6 31.Qe1 Qf3 32.Rd3 Qg4 33.Nc3 Qb4 34.b3 Rc8 35.Kb2 Bd4 36.a3 Qc5
37.Qd2 e5 38.g4 Kh7 39.Qe1 Qc6 40.g5 h5 41.Qd2 Qc5 42.g6+ Kxg6 43.b4 Qc4
44.Rxd4 exd4 45.Ne2 d3 46.Nf4+ Kh7 47.cxd3 Qd4+ 48.Kb3 Rf8 49.Nh3 Qxh4 50.Ng5+ Kg8
51.Qe3 Qg4 52.a4 Qf5 53.b5 axb5 54.a5 Qd5+ 55.Kb4 Rd8 56.a6 Qd4+ 57.Qxd4 Rxd4+
58.Kxb5 Rxd3 59.a7 Ra3 60.Kb6 g6  0-1

[Event "Novi Sad"]
[Site "Novi Sad"]
[Date "1992.??.??"]
[Round "10"]
[White "Nevostrujev, Vladimir"]
[Black "Rakic, Tomislav"]
[Result "1/2-1/2"]
[WhiteElo "2385"]
[BlackElo "2385"]

1.e4 c5 2.Nf3 Nc6 3.d4 cxd4 4.Nxd4 Nf6 5.Nc3 d6 6.Bg5 Bd7 7.Qd2 Nxd4 8.Qxd4 Qa5
9.f4 e6 10.O-O-O Bc6 11.Bc4 Be7 12.e5 dxe5 13.fxe5 Nd5 14.Bd2 Qc5 15.Qxc5 Bxc5
16.Nxd5 exd5 17.Bd3 O-O 18.Rde1 Bd7 19.Rhf1 Be6 20.Rf4 Be7 21.Kd1 Rfc8 22.Be3 h6
23.Bd4 a5 24.c3 Rab8 25.Ba7 Ra8 26.Bd4 Rab8 27.Bb5 b6 28.Kc2 Rc7 29.Rf2 Bc5
30.Rd1 Be7 31.Rdf1 Ra7 32.Kb1 Rc7 33.Rd1 Rcc8 34.b3 Rc7 35.Kb2 Kf8 36.a3 Bc5
37.b4 axb4 38.axb4 Bxd4 39.Rxd4 Rbc8 40.Ba6 Ra8 41.Bd3 Rd7 42.Bb1 Ke7 43.Rfd2 Ra1
44.Rd1 Bf5 45.Bxf5 Ra2+  1/2-1/2

[Event "Novy Smokovec"]
[Site "Novy Smokovec"]
[Date "1992.??.??"]
[Round "?"]
[White "Malisauskas, Vidmantas"]
[Black "Popovic, Petar"]
[Result "1-0"]
[WhiteElo "2530"]
[BlackElo "2535"]

1.e4 c5 2.Nf3 d6 3.d4 cxd4 4.Nxd4 Nf6 5.Nc3 Nc6 6.Bg5 e6 7.Qd2 a6 8.O-O-O Bd7
9.f3 b5 10.Nxc6 Bxc6 11.Ne2 Be7 12.h4 O-O 13.Nd4 Bb7 14.g4 Qc7 15.h5 Rfd8
16.Be3 e5 17.Nf5 d5 18.g5 Nxe4 19.fxe4 d4 20.Nxe7+ Qxe7 21.Bg1 Bxe4 22.Bg2 Bd5
23.Bxd5 Rxd5 24.g6 fxg6 25.hxg6 h6 26.Qg2 Rad8 27.Qe4 a5 28.Rh5 a4 29.Bh2 a3
30.Rxe5 axb2+ 31.Kb1 Rxe5 32.Qxe5 Qh4 33.Qe6+ Kh8 34.Be5 d3 35.Bxg7+  1-0

[Event "Novy Smokovec"]
[Site "Novy Smokovec"]
[Date "1992.??.??"]
[Round "?"]
[White "Gazik, Igor"]
[Black "Popovic, Petar"]
[Result "1-0"]
[WhiteElo "2425"]
[BlackElo "2535"]

1.e4 c5 2.Nf3 d6 3.d4 cxd4 4.Nxd4 Nf6 5.Nc3 Nc6 6.Bg5 e6 7.Qd2 a6 8.O-O-O Bd7
9.f3 Nxd4 10.Qxd4 Rc8 11.h4 Be7 12.g4 Qc7 13.Qd2 b5 14.Kb1 b4 15.Ne2 O-O
16.Ng3 Bb5 17.Nh5 Nxh5 18.gxh5 Bxf1 19.Rdxf1 Bxg5 20.hxg5 Rfd8 21.g6 fxg6
22.hxg6 h6 23.f4 d5 24.exd5 Rxd5 25.Qe2 Rd6 26.Re1 Rf8 27.Rhf1 a5 28.Qe4 Qc5
29.b3 Qf5 30.Qg2 Rc6 31.Re4 Rf6 32.Rg1 h5 33.Rd4 Rc8 34.Rd7 Qb5 35.Rgd1 Qc6
36.Rd8+ Rf8 37.Rxf8+ Kxf8 38.Qe2 Kg8 39.Re1 Kh8 40.Rd1 Rf8  1-0

[Event "Oostende op"]
[Site "Oostende"]
[Date "1992.??.??"]
[Round "8"]
[White "Timmerman, Gert J"]
[Black "Tischbierek, Raj"]
[Result "0-1"]
[WhiteElo "2330"]
[BlackElo "2495"]

1.e4 c5 2.Nf3 d6 3.d4 cxd4 4.Nxd4 Nf6 5.Nc3 Nc6 6.Bg5 e6 7.Qd3 a6 8.Be2 h6
9.Bh4 Be7 10.Bg3 Bd7 11.O-O-O Ne5 12.Qd2 b5 13.f4 b4 14.fxe5 bxc3 15.Qxc3 Nxe4
16.Qf3 Nxg3 17.Qxg3 Bh4 18.Qxg7 Qg5+ 19.Qxg5 Bxg5+ 20.Kb1 dxe5 21.Nf3 Bf6
22.Rd6 Bc8 23.Rb6 O-O 24.Rb3 Bg7 25.Rd1 Ra7 26.Rd6 e4 27.Nd2 Be5 28.Rdb6 f5
29.g3 Rd8 30.Nf1 Bc7 31.Rc6 Bd7 32.Rc5 Bb5 33.c4 Ba4 34.Rxc7 Rxc7 35.Re3 Bd1  0-1